00515nam a2200193 a 4500001001300000003000900013005001700022008004100039020002300080082001600103100001900119245004800138260004000186300000900226500003500235505001000270650002200280700001900302nice12345678IN_TiNIC20260116014120.0121016s2004 newa grp 000 0 eng  a9788125008101c27500a320.54bCHA aChandra, Bipan aNationalism and Colonialism in Modern India aNew Delhi bOrient Blackswan c2004 a402p aincludes index and biblioraphy2 aIndex aNationalism-India1 aChandra, Bipan